000 00653nam a22002531a 4500
001 4537
003 BD-RjUL
005 20211208233917.0
008 131222s1962 enk 0 eng d
035 _a(BD-RjUL)4572
035 _a(BD-RjUL)
040 _aNUN
_beng
_cNUN
_dABN-SNR
041 _aeng
082 0 4 _a332.45
_216
_bTEI 1962
100 1 _aTew, Brian.
_99705
245 1 0 _aInternational monetary co-operation, 1945-60./
_cBrianTew
250 _a6th ed.
260 _aLond. :
_bHutchinson,
_c1960.
300 _a192 p. ;
_c18 cm.
526 _bEconomics
650 0 _aForeign exchange.
_914336
650 0 _aMoney.
_914337
942 _2ddc
_cBK
999 _c4537
_d4537